[Event "Olympiad-38"]
[Site "Dresden"]
[Date "2008.11.19"]
[Round "6"]
[White "Stocek, Jiri"]
[Black "Bermudez Adams, William"]
[Result "1-0"]
[WhiteElo "2578"]
[BlackElo "2169"]
[PlyCount "65"]
[EventDate "2008.11.13"]
[EventType "team-swiss"]
[EventRounds "11"]
[EventCountry "GER"]
[SourceTitle "CBM 128"]
[Source "ChessBase"]
[SourceDate "2009.01.28"]
[SourceVersion "1"]
[SourceVersionDate "2009.01.28"]
[SourceQuality "1"]
[WhiteTeam "Czech Republic"]
[BlackTeam "Puerto Rico"]
[WhiteTeamCountry "CZE"]
[BlackTeamCountry "PUR"]

1. Nf3 c5 2. c4 Nf6 3. Nc3 d5 4. cxd5 Nxd5 5. d4 e6 6. e3 Nxc3 7. bxc3 cxd4 8. exd4 Be7 9. Bd3 Nd7 10. 0-0 Qc7 11. c4 Nf6 12. Re1 0-0 13. Bb2 b6 14. Qe2 Bb4 15. Red1 Re8 16. Rac1 Bb7 17. Ne5 Qe7 18. h4 g6 19. Qe3 Rac8 20. Be2 Ne4 21. g3 Bd6 22. Nd3 Ba3 23. Bxa3 Qxa3 24. Bf3 Nd6 25. Bxb7 Nxb7 26. c5 e5 27. c6 exd4 28. cxb7 dxe3 29. Rxc8 Qa4 30. Rxe8+ Qxe8 31. Rc1 exf2+ 32. Nxf2 Kg7 33. Rc8 1-0

[Event "PUR-ch"]
[Site "Caguas"]
[Date "2008.07.18"]
[Round "4"]
[White "Santa, Juan"]
[Black "Bermudez Adams, William"]
[Result "1-0"]
[WhiteElo "2219"]
[BlackElo "2211"]
[PlyCount "83"]
[EventDate "2008.07.11"]
[EventType "tourn"]
[EventRounds "11"]
[EventCountry "PUR"]
[SourceTitle "EXT 2009"]
[Source "ChessBase"]
[SourceDate "2008.11.26"]
[SourceVersion "1"]
[SourceVersionDate "2008.11.26"]
[SourceQuality "1"]

1. d4 d5 2. c4 e6 3. Nf3 c5 4. e3 Nc6 5. Nc3 Nf6 6. a3 cxd4 7. exd4 Be7 8. Bd3 0-0 9. 0-0 h6 10. Be3 b6 11. Rc1 Bb7 12. Qe2 Na5 13. cxd5 exd5 14. Ne5 Nb3 15. Rcd1 Rc8 16. Nb1 Bd6 17. Qf3 Ne4 18. Qh3 f5 19. Bxe4 dxe4 20. Bxh6 gxh6 21. Qxb3+ Kh7 22. Nc3 Qe7 23. f4 exf3 24. Nxf3 Rg8 25. Rde1 Qg7 26. Qc2 Rc4 27. Qxf5+ Kh8 28. Qc2 Rxd4 29. Re2 Rg4 30. Rd2 Bf4 31. Re2 Ba6 32. Rfe1 Bxe2 33. Rxe2 Qb7 34. Qd3 Qg7 35. Ne1 Be5 36. Nd1 Bd4+ 37. Kh1 Rf4 38. Nf3 Rg4 39. Ne1 Bc5 40. Ne3 Rf4 41. g3 Re4 42. Qxe4 1-0

[Event "Iberoamerican-ch GpA 2nd"]
[Site "Morelia"]
[Date "2008.02.15"]
[Round "1"]
[White "Bermudez Adams, William"]
[Black "Valdes Romero, Leonardo"]
[Result "1-0"]
[WhiteElo "2183"]
[BlackElo "2401"]
[PlyCount "181"]
[EventDate "2008.02.15"]
[EventType "tourn"]
[EventRounds "5"]
[EventCountry "MEX"]
[EventCategory "9"]
[SourceTitle "CBM 122 Extra"]
[Source "ChessBase"]
[SourceDate "2008.03.04"]
[SourceVersion "1"]
[SourceVersionDate "2008.03.04"]
[SourceQuality "1"]

1. e4 d6 2. d4 Nf6 3. Nc3 g6 4. Be3 Bg7 5. Qd2 c6 6. Bd3 Ng4 7. Nf3 Nxe3 8. Qxe3 Nd7 9. 0-0 Qc7 10. a4 0-0 11. Rfe1 e5 12. dxe5 dxe5 13. Bc4 Qb6 14. Qxb6 Nxb6 15. Ba2 a5 16. h3 Bf6 17. Rad1 Kg7 18. Nd2 Be7 19. Nc4 Nxc4 20. Bxc4 Rd8 21. Rxd8 Bxd8 22. Rd1 Bc7 23. Rd3 f6 24. g4 Kf8 25. Ne2 Ke7 26. Rb3 Rb8 27. Nc1 Bd7 28. Nd3 Bd6 29. Ne1 b5 30. axb5 cxb5 31. Bd5 b4 32. Rd3 a4 33. Rd1 Rc8 34. Ra1 Rc7 35. Kg2 Rc8 36. Ra2 Bb5 37. Ra1 Rc7 38. Ra2 Rc8 39. Ra1 Bc5 40. c4 bxc3 41. bxc3 Bd6 42. c4 Bd7 43. Nd3 Bc5 44. Ra2 Bd4 45. Kf3 Kd6 46. Ke2 Rb8 47. Kf3 Bc5 48. Ke2 Rb1 49. Nb2 a3 50. Nd3 Rb3 51. f3 Rb1 52. Kd2 Rh1 53. Kc3 Bd4+ 54. Kb4 Rxh3 55. Rxa3 Rxf3 56. c5+ Kc7 57. Ra7+ Kd8 58. Kc4 h5 59. gxh5 gxh5 60. Ra8+ Ke7 61. c6 Bh3 62. c7 Rg3 63. c8Q Bxc8 64. Rxc8 h4 65. Rc7+ Ke8 66. Rh7 h3 67. Be6 Re3 68. Rxh3 Rxh3 69. Bxh3 Ke7 70. Nf4 Bf2 71. Nd5+ Kf7 72. Bf5 Be1 73. Kc5 Bd2 74. Kd6 Bc1 75. Bg4 Ba3+ 76. Kd7 Bc1 77. Bh5+ Kg7 78. Ke6 Bg5 79. Ne7 Kh6 80. Bg4 Kg7 81. Bh5 Kh6 82. Be8 Kg7 83. Nf5+ Kg8 84. Ke7 Kh7 85. Kf7 Kh8 86. Ne7 Kh7 87. Nd5 Kh6 88. Nxf6 Bc1 89. Ng4+ Kg5 90. Bd7 Kf4 91. Bf5 1-0

[Event "Miami op"]
[Site "Miami"]
[Date "2007.09.28"]
[Round "4"]
[White "Esserman, Marc"]
[Black "Bermudez Adams, William"]
[Result "1-0"]
[WhiteElo "2277"]
[BlackElo "2155"]
[PlyCount "119"]
[EventDate "2007.09.26"]
[EventType "swiss"]
[EventRounds "9"]
[EventCountry "USA"]
[SourceTitle "CBM 120 Extra"]
[Source "ChessBase"]
[SourceDate "2007.11.01"]
[SourceVersion "1"]
[SourceVersionDate "2007.11.01"]
[SourceQuality "1"]

1. e4 c5 2. d4 cxd4 3. c3 Qa5 4. Nf3 Nc6 5. Bc4 Nf6 6. Qe2 d6 7. h3 e6 8. 0-0 Be7 9. cxd4 0-0 10. e5 Nd5 11. Nbd2 Nf4 12. Qe3 dxe5 13. dxe5 Ng6 14. Re1 Qc7 15. h4 Nxh4 16. Nxh4 Bxh4 17. Nf3 Be7 18. Qe4 Rd8 19. Bd3 g6 20. Be3 Nb4 21. Rac1 Qa5 22. Bc4 Nd5 23. Bg5 Bxg5 24. Nxg5 Qd2 25. Nxh7 Qh6 26. Bxd5 Qxh7 27. Bb3 Bd7 28. Qxb7 Rab8 29. Qxa7 Kg7 30. Rc3 Rb4 31. Rh3 Rh4 32. Ree3 Qh6 33. Rxh4 Qxh4 34. Rh3 Qe4 35. Qe3 Qb1+ 36. Kh2 Rh8 37. Rxh8 Kxh8 38. Qf3 Kg8 39. Qd1 Qxb2 40. Qxd7 Qxe5+ 41. g3 g5 42. Qd2 Kg7 43. Qe3 Qf6 44. Kg2 Qe7 45. Qe5+ Kg8 46. Qe4 Qd6 47. Bc2 f5 48. Qa8+ Kg7 49. Qb7+ Kf6 50. Bb3 f4 51. gxf4 gxf4 52. Qe4 e5 53. Qd5 Qe7 54. Qf7+ Qxf7 55. Bxf7 Kxf7 56. Kf3 Ke6 57. Ke4 Kd6 58. f3 Ke6 59. a4 Kd6 60. a5 1-0

[Event "Puerto Rico-ch"]
[Site "Puerto Rico"]
[Date "2007.07.27"]
[Round "10"]
[White "Bermudez Adams, William"]
[Black "Campiz Jimenez, Leonardo"]
[Result "1-0"]
[WhiteElo "2155"]
[BlackElo "2131"]
[PlyCount "91"]
[EventDate "2007.07.13"]
[EventType "tourn"]
[EventRounds "11"]
[EventCountry "PUR"]
[SourceTitle "EXT 2010"]
[Source "ChessBase"]
[SourceDate "2010.11.25"]
[SourceVersion "1"]
[SourceVersionDate "2010.11.25"]
[SourceQuality "1"]

1. e4 c6 2. b3 d5 3. Nc3 Nf6 4. e5 Ng8 5. Bb2 Bf5 6. d4 e6 7. Nf3 h6 8. Bd3 Bxd3 9. Qxd3 h5 10. Nd1 Nh6 11. Ne3 g6 12. h3 Nf5 13. 0-0-0 Qa5 14. Kb1 Ba3 15. g4 Ng7 16. Ng5 Na6 17. c3 Bxb2 18. Kxb2 Qc7 19. f4 Qe7 20. Nf3 hxg4 21. hxg4 0-0-0 22. f5 gxf5 23. gxf5 Nxf5 24. Nxf5 exf5 25. Qxf5+ Qe6 26. Qxe6+ fxe6 27. Ng5 Nc7 28. Nf7 Rxh1 29. Rxh1 Rg8 30. a4 Ne8 31. Ka3 a5 32. b4 Rg7 33. Rh8 Rxf7 34. Rxe8+ Kd7 35. Rb8 Kc7 36. Ra8 axb4+ 37. Kxb4 Rg7 38. a5 Rg1 39. Rh8 Rg7 40. Kc5 Rg3 41. Rh7+ Kd8 42. Kb6 Rxc3 43. Kxb7 Ra3 44. a6 Rb3+ 45. Kxc6 Ra3 46. a7 1-0

[Event "Puerto Rico-ch"]
[Site "Puerto Rico"]
[Date "2007.07.21"]
[Round "6"]
[White "Bermudez Adams, William"]
[Black "Freyre Forest, Jorge"]
[Result "1-0"]
[WhiteElo "2155"]
[BlackElo "2165"]
[PlyCount "85"]
[EventDate "2007.07.13"]
[EventType "tourn"]
[EventRounds "11"]
[EventCountry "PUR"]
[SourceTitle "EXT 2010"]
[Source "ChessBase"]
[SourceDate "2010.11.25"]
[SourceVersion "1"]
[SourceVersionDate "2010.11.25"]
[SourceQuality "1"]

1. e4 e6 2. b3 d5 3. Bb2 c5 4. Qe2 Nf6 5. d3 Nc6 6. Nf3 d4 7. g3 e5 8. Bg2 g6 9. Nbd2 Bg7 10. h3 h6 11. 0-0 Be6 12. Ba3 Qa5 13. Bb2 Qc7 14. c3 Qd7 15. cxd4 cxd4 16. Ba3 Bf8 17. Bxf8 Kxf8 18. Kh2 Kg7 19. Rfc1 Nh7 20. Nc4 f6 21. a4 Ng5 22. Ng1 h5 23. h4 Nf7 24. Bh3 Bg4 25. f3 Bxh3 26. Nxh3 Rac8 27. Qd2 Qe7 28. a5 Qb4 29. Qb2 Qe7 30. Ra4 Qd7 31. b4 Ne7 32. b5 Rc5 33. Rb4 Rhc8 34. Qb3 Nd6 35. Nxd6 Qxd6 36. Rxc5 Rxc5 37. Rc4 b6 38. a6 Nc8 39. f4 Qc7 40. fxe5 Qxe5 41. Nf4 Kh6 42. Rxc5 bxc5 43. Qg8 1-0

[Event "PUR-ch"]
[Site "Caguas"]
[Date "2006.03.18"]
[Round "2"]
[White "Bermudez Adams, William"]
[Black "Santa Torres, Luis A"]
[Result "1/2-1/2"]
[WhiteElo "2312"]
[BlackElo "2300"]
[PlyCount "89"]
[EventDate "2006.03.17"]
[EventType "swiss"]
[EventRounds "9"]
[EventCountry "PUR"]
[SourceTitle "EXT 2008"]
[Source "ChessBase"]
[SourceDate "2007.11.25"]
[SourceVersion "1"]
[SourceVersionDate "2007.11.25"]
[SourceQuality "1"]

1. e4 c5 2. Nf3 a6 3. d4 cxd4 4. Nxd4 Nf6 5. Nc3 e5 6. Nf3 Qc7 7. Bd3 Bb4 8. Bd2 d6 9. a3 Bxc3 10. Bxc3 Nbd7 11. 0-0 Nc5 12. Re1 Bg4 13. Bd2 h6 14. b4 Ne6 15. Be3 0-0 16. c4 a5 17. Rc1 axb4 18. axb4 Ra3 19. Bb1 Rfa8 20. h3 Bh5 21. c5 dxc5 22. bxc5 Rd8 23. Qe2 Raa8 24. g4 Bg6 25. g5 hxg5 26. Nxg5 Nd4 27. Qc4 Nh7 28. Kh1 Qd7 29. Rc3 Nxg5 30. Bxg5 Rdc8 31. Qd5 Qe8 32. f4 Nb5 33. Rg3 exf4 34. Bxf4 Qc6 35. Ba2 Rxa2 36. Qxa2 Bxe4+ 37. Kh2 Nd4 38. Rf1 Nf3+ 39. Rgxf3 Bxf3 40. Qf2 Bd5 41. Be3 Re8 42. Rg1 Qc7+ 43. Rg3 Bc6 44. Qf4 Qxf4 45. Bxf4 1/2-1/2

[Event "Santo Domingo op"]
[Site "Santo Domingo"]
[Date "2005.11.25"]
[Round "2"]
[White "Bermudez Adams, William"]
[Black "Estrada Nieto, Julian"]
[Result "0-1"]
[WhiteElo "2154"]
[BlackElo "2351"]
[PlyCount "68"]
[EventDate "2005.11.24"]
[EventType "swiss"]
[EventRounds "9"]
[EventCountry "DOM"]
[SourceTitle "CBM 109 Extra"]
[Source "ChessBase"]
[SourceDate "2006.01.03"]
[SourceVersion "2"]
[SourceVersionDate "2006.01.03"]
[SourceQuality "1"]

1. e4 e5 2. Ne2 Nc6 3. Nbc3 Nf6 4. d4 exd4 5. Nxd4 Bb4 6. Nxc6 bxc6 7. Bd3 d5 8. Bd2 0-0 9. 0-0 Rb8 10. e5 Ng4 11. h3 Nxe5 12. Bxh7+ Kxh7 13. Qh5+ Kg8 14. Qxe5 Bd6 15. Qd4 Rb4 16. Qd3 Rxb2 17. Be3 a5 18. Rab1 Rb4 19. Rxb4 axb4 20. Na4 Qf6 21. Qd2 Qg6 22. Kh1 Bf5 23. Nc5 Bxc2 24. Rc1 Be4 25. Nxe4 Qxe4 26. f3 Qe5 27. f4 Qe4 28. Re1 Ra8 29. Qc1 Rxa2 30. Bd2 Qc2 31. Re8+ Kh7 32. Qe1 Bxf4 33. Qh4+ Bh6 34. Qh5 Qg6 0-1

[Event "Olympiad-34"]
[Site "Istanbul"]
[Date "2000.11.10"]
[Round "13.4"]
[White "Enjuto Velasco, Roberto"]
[Black "Bermudez Adams, William"]
[Result "0-1"]
[WhiteElo "2172"]
[BlackElo "2125"]
[PlyCount "84"]
[EventDate "2000.10.28"]
[EventType "team-swiss"]
[EventRounds "14"]
[EventCountry "TUR"]
[SourceTitle "EXT 2001"]
[Source "ChessBase"]
[SourceDate "2000.11.22"]
[SourceVersion "1"]
[SourceVersionDate "2000.11.22"]
[SourceQuality "1"]
[WhiteTeam "IBCA"]
[BlackTeam "Puerto Rico"]
[BlackTeamCountry "PUR"]

1. e4 c5 2. Nf3 d6 3. d4 cxd4 4. Nxd4 Nf6 5. Nc3 g6 6. Be3 Bg7 7. f3 0-0 8. Qd2 Nc6 9. Bc4 Nd7 10. Nxc6 bxc6 11. 0-0-0 Ne5 12. Bb3 Be6 13. Bh6 Qa5 14. Kb1 Rfb8 15. Nd5 Qd8 16. Bxg7 Kxg7 17. Ne3 a5 18. f4 Nd7 19. f5 Bxb3 20. cxb3 Rb4 21. Nc4 Qb8 22. fxg6 hxg6 23. h4 f6 24. g4 a4 25. Qc3 Qb5 26. Rc1 Nc5 27. Rhe1 Ra7 28. g5 d5 29. exd5 cxd5 30. gxf6+ exf6 31. Nd6 Qd3+ 32. Qxd3 Nxd3 33. Nc8 Rd7 34. bxa4 Nxe1 35. Rxe1 d4 36. a3 Rb8 37. Ne7 d3 38. Nc6 d2 39. Rd1 Re8 40. Nb4 f5 41. Kc2 Rc8+ 42. Kb1 f4 0-1